Vista normal
Vista MARC
Entrada Topical Term
Número de registros utilizados en: 2
001 - CONTROL NUMBER
- control field: 61265
003 - CONTROL NUMBER IDENTIFIER
- control field: OSt
005 - DATE AND TIME OF LATEST TRANSACTION
- control field: 20250721121424.0
008 - FIXED-LENGTH DATA ELEMENTS
- fixed length control field: 250721|| aca||aabn | a|a d
040 ## - CATALOGING SOURCE
- Original cataloging agency: OSt
- Transcribing agency: OSt
150 ## - HEADING--TOPICAL TERM
- Topical term or geographic name entry element: Sueños infantiles
- Form subdivision: cuentos
670 ## - SOURCE DATA FOUND
- Source citation: Work cat.: (OSt)57672: Miyakoshi, Akiko, 1982- aut 61262, Regreso a casa /